[Event "Moscow Open A 2015"]
[Site "Moscow RUS"]
[Date "2015.02.01"]
[Round "2.114"]
[White "Shapfiullin, Ildar"]
[Black "Askerov, Marat"]
[Result "1/2-1/2"]
[WhiteElo "2093"]
[BlackElo "2283"]
[WhiteFideId "4147146"]
[BlackFideId "24175200"]
[EventDate "2015.01.31"]

1. d4 Nf6 2. Nf3 e6 3. Bf4 c5 4. e3 b6 5. Bd3 Bb7 6. c3 Be7 7. h3 O-O 8. O-O Nc6
9. Nbd2 cxd4 10. exd4 a6 11. a4 d6 12. Qe2 Qd7 13. Bh2 Rfe8 14. Rfd1 Bf8 15. Nf1
Ne7 16. c4 Nc6 17. Ne3 Nb4 18. Bb1 Bc6 19. Nc2 Nxc2 20. Bxc2 Qb7 21. Ra3 d5 22.
cxd5 Nxd5 23. Ng5 Bxa3 24. Bxh7+ Kf8 25. bxa3 Rad8 26. Qh5 Nf6 27. Qh4 Bxg2 28.
Be5 Bc6 29. Bg6 Ke7 30. Nxf7 Bxa4 31. Nxd8 Kxd8 32. Rc1 Re7 33. Bd6 Qd5 34.
Bxe7+ Kxe7 35. Qf4 Bd7 36. Qe5 Qf3 37. Qg3 Qd5 38. Qe5 Qf3 39. Qe3 Qd5 40. f3
Bc6 41. Rc3 Kd7 42. Qe5 Qa2 43. d5 Nxd5 44. Qxg7+ Kd6 45. Qf8+ Kc7 46. Qg7+ Kd6 1/2-1/2

[Event "Moscow Open A 2015"]
[Site "Moscow RUS"]
[Date "2015.02.01"]
[Round "2.115"]
[White "Galaktionov, Artem"]
[Black "Babikov, Ivan"]
[Result "1/2-1/2"]
[BlackTitle "FM"]
[WhiteElo "2081"]
[BlackElo "2279"]
[WhiteFideId "24175471"]
[BlackFideId "4161106"]
[EventDate "2015.01.31"]

1. d4 d5 2. Nf3 Nf6 3. c4 e6 4. Nc3 Nbd7 5. Bf4 c6 6. e3 Be7 7. c5 Nh5 8. Bd3
Nxf4 9. exf4 b6 10. b4 a5 11. a3 bxc5 12. bxc5 Ba6 13. Bxa6 Rxa6 14. O-O O-O 15.
Rb1 Qc7 16. Qd2 Ra7 17. Ne5 f6 18. Nxd7 Qxd7 19. Na4 Re8 20. Rfe1 Bf8 21. Re2 g6
22. Nb6 Qc7 23. Rbe1 e5 24. fxe5 fxe5 25. Qg5 e4 26. f3 Qg7 27. Qd2 Rae7 28.
fxe4 Rxe4 29. Rxe4 dxe4 30. Nc4 Rd8 31. Nd6 Bxd6 32. cxd6 Rxd6 33. Rxe4 Qd7 34.
Qe3 Kf7 35. Rf4+ Rf6 36. Rxf6+ Kxf6 37. Qe5+ Kf7 38. a4 Qd5 39. Qxd5+ cxd5 40.
Kf2 Kf6 41. g4 g5 1/2-1/2

[Event "Moscow Open A 2015"]
[Site "Moscow RUS"]
[Date "2015.02.01"]
[Round "2.116"]
[White "Igonin, Temur"]
[Black "Spirin, Alexandr"]
[Result "1-0"]
[WhiteTitle "FM"]
[WhiteElo "2274"]
[BlackElo "1943"]
[WhiteFideId "14203049"]
[BlackFideId "4187431"]
[EventDate "2015.01.31"]

1. e4 e5 2. Nf3 Nc6 3. Bc4 Be7 4. d4 exd4 5. c3 d3 6. Qb3 Na5 7. Bxf7+ Kf8 8.
Qa4 Kxf7 9. Qxa5 c5 10. Qb5 d6 11. Qxd3 Be6 12. c4 Nh6 13. Bxh6 gxh6 14. O-O Rg8
15. Nc3 Rg6 16. Ne1 Bf6 17. f4 Bd4+ 18. Kh1 Bg4 19. Nc2 Bh8 20. Rae1 Qh4 21. f5
Rg5 22. Qd5+ Ke7 23. Qe6+ Kf8 24. Qxd6+ Kg8 25. Nd5 Bxb2 26. f6 Be5 27. f7+ Kh8
28. f8=Q+ 1-0

[Event "Moscow Open A 2015"]
[Site "Moscow RUS"]
[Date "2015.02.01"]
[Round "2.117"]
[White "Nazarov, Rustem"]
[Black "Aslanov, Sergei"]
[Result "1-0"]
[WhiteElo "2059"]
[BlackElo "2273"]
[WhiteFideId "14002280"]
[BlackFideId "4180828"]
[EventDate "2015.01.31"]

1. e4 e6 2. d4 d5 3. Nd2 Nf6 4. e5 Nfd7 5. Bd3 c5 6. c3 Nc6 7. Ne2 cxd4 8. cxd4
f6 9. exf6 Qxf6 10. Nf3 h6 11. O-O Bd6 12. Bb1 O-O 13. Qd3 Rd8 14. Ng3 Nf8 15.
Re1 Bd7 16. Bd2 Be8 17. Qe3 Rac8 18. Ne5 Qh4 19. Nxc6 bxc6 20. b4 a5 21. bxa5 c5
22. Bc3 cxd4 23. Bxd4 Bb4 24. Bd3 Bxa5 25. Rec1 Qe7 26. Nf5 Rxc1+ 27. Rxc1 Qa3
28. Nxh6+ Kh8 29. Nf7+ Bxf7 30. Qh6+ 1-0

[Event "Moscow Open A 2015"]
[Site "Moscow RUS"]
[Date "2015.02.01"]
[Round "2.118"]
[White "Taalaibekov, Tagir"]
[Black "Ageichenko, Genadi A"]
[Result "1/2-1/2"]
[BlackTitle "IM"]
[WhiteElo "2037"]
[BlackElo "2269"]
[WhiteFideId "13801163"]
[BlackFideId "4105222"]
[EventDate "2015.01.31"]

1. d4 Nf6 2. c4 e6 3. Nf3 d5 4. Nc3 Nbd7 5. Bf4 Bb4 6. Nd2 O-O 7. e3 c5 8. a3
Bxc3 9. bxc3 b6 10. Bd3 Bb7 11. O-O Qe7 12. cxd5 Nxd5 13. Bg3 Nxc3 14. Qc2 cxd4
15. Nc4 b5 16. Nd6 Nf6 17. exd4 Ncd5 18. Bxb5 Nh5 19. Nxb7 Qxb7 20. Bc6 Qc7 21.
Rfc1 Rac8 22. Qa4 Nb6 23. Qa6 Qe7 24. a4 Rc7 25. a5 Nc8 26. d5 e5 27. Rab1 Nd6
28. Re1 Rd8 29. Qe2 f6 30. Rb3 Nf5 31. Qc4 Qd6 32. Reb1 Nd4 33. Rb8 Rxb8 34.
Rxb8+ Kf7 35. Rb7 Rxb7 36. Bxb7 Ke7 37. Qc8 f5 38. Qg8 Kf6 39. Qc8 Ne2+ 40. Kf1
Nd4 41. Qc3 Qd7 42. Qb4 Nxg3+ 43. hxg3 Qb5+ 44. Qxb5 Nxb5 45. Ke2 e4 46. Ke3 Nd6
47. a6 Ke5 48. f4+ exf3 49. gxf3 Nc4+ 50. Kd3 Nb6 51. f4+ Kd6 52. Kd4 g6 53. Bc6
Nc8 54. Be8 Ke7 55. Bb5 Kd6 56. Be8 1/2-1/2

[Event "Moscow Open A 2015"]
[Site "Moscow RUS"]
[Date "2015.02.01"]
[Round "2.119"]
[White "Drygalov, Sergey"]
[Black "Mischeryakov, Alexey"]
[Result "1-0"]
[WhiteElo "2269"]
[BlackElo "1911"]
[WhiteFideId "24171743"]
[BlackFideId "34156434"]
[EventDate "2015.01.31"]

1. e4 Nf6 2. e5 Nd5 3. c4 Nb6 4. d4 d6 5. exd6 exd6 6. Bd3 Nc6 7. Be3 Be7 8. Ne2
Nb4 9. Nbc3 Nxd3+ 10. Qxd3 O-O 11. O-O d5 12. c5 Nc4 13. Bc1 b6 14. b3 Na5 15.
Be3 bxc5 16. dxc5 c6 17. Nd4 Qc7 18. Rac1 Rb8 19. Nce2 Qb7 20. Ng3 Qa6 21. Qc3
f5 22. Bf4 Bd7 23. Bxb8 Rxb8 24. Ngxf5 Bf6 25. Qg3 Rb4 26. Rfe1 Qc8 27. Ne7+
Bxe7 28. Rxe7 g6 29. Qe5 1-0

[Event "Moscow Open A 2015"]
[Site "Moscow RUS"]
[Date "2015.02.01"]
[Round "2.120"]
[White "Bolanos Lepere, Ulises"]
[Black "Mirzaev, Aziz"]
[Result "0-1"]
[BlackTitle "FM"]
[WhiteElo "1946"]
[BlackElo "2268"]
[WhiteFideId "5109604"]
[BlackFideId "4116224"]
[EventDate "2015.01.31"]

1. e4 c5 2. Nf3 d6 3. d4 cxd4 4. Nxd4 Nf6 5. Nc3 a6 6. Be2 e5 7. Nb3 Be6 8. Be3
Be7 9. f3 Nbd7 10. a4 Rc8 11. O-O Nb6 12. a5 Nc4 13. Bc1 d5 14. Bxc4 dxc4 15.
Qxd8+ Bxd8 16. Nd2 Rc5 17. Ne2 Rxa5 18. Rxa5 Bxa5 19. c3 O-O 20. Rd1 Rd8 21. Kf1
Bb6 22. Ng3 Nd7 23. Nf5 Bc5 24. Ke2 g6 25. Ne3 Bxe3 26. Kxe3 Nc5 27. Ke2 Rd3 28.
Nf1 f5 29. Be3 Rxd1 30. Kxd1 Nd3 31. Bc1 fxe4 32. fxe4 Nf2+ 33. Ke2 Nxe4 34. Ne3
Nc5 35. h3 Kf7 36. Nd1 Bf5 37. Be3 Bd3+ 38. Kf3 Be4+ 39. Kg3 Na4 40. Bc1 b5 41.
Kf2 Nc5 42. Be3 Nd3+ 43. Kf1 Nf4 44. Bxf4 exf4 45. h4 Ke6 46. Kf2 Bc2 47. Ke1
Bxd1 48. Kxd1 0-1

[Event "Moscow Open A 2015"]
[Site "Moscow RUS"]
[Date "2015.02.01"]
[Round "2.121"]
[White "Grishaev, Igor"]
[Black "Afanasiev, Nikita"]
[Result "0-1"]
[BlackTitle "FM"]
[WhiteElo "1938"]
[BlackElo "2264"]
[WhiteFideId "4197925"]
[BlackFideId "24183555"]
[EventDate "2015.01.31"]

1. d4 d6 2. g3 e5 3. dxe5 dxe5 4. Qxd8+ Kxd8 5. Bg2 c6 6. Nf3 f6 7. Nbd2 Kc7 8.
a4 a5 9. O-O Be6 10. Ne4 Ne7 11. Rd1 Nd5 12. Ne1 h6 13. Nd3 Na6 14. c4 Ndb4 15.
b3 Rd8 16. Bb2 Nc2 17. Rab1 Nd4 18. Nf4 Bf5 19. g4 Bxg4 20. Ng6 Rg8 21. Bxd4
exd4 22. Ng3 Nc5 23. Rd2 Be6 24. Bf3 Bd6 25. b4 axb4 26. Rxb4 Bf7 27. Nh4 Ne4
28. Rxb7+ Kxb7 29. Bxe4 g6 30. c5 Bxg3 31. hxg3 f5 32. Bg2 Bd5 33. Rxd4 Bxg2 34.
Rb4+ Kc7 35. Kxg2 Rd5 36. Rc4 g5 37. Nf3 f4 38. e4 fxe3 39. fxe3 g4 40. Nd4 Re5
41. Kf2 Rf8+ 42. Ke2 h5 43. a5 Rb8 44. Kd3 Rbe8 45. Nc2 Ra8 46. e4 Rxa5 47. Kd4
Rg5 48. Ne3 Ra3 49. Nf5 Rf3 50. Ke5 h4 51. gxh4 g3 52. hxg5 g2 53. Rc1 Rf1 54.
Rxf1 gxf1=Q 0-1

[Event "Moscow Open A 2015"]
[Site "Moscow RUS"]
[Date "2015.02.01"]
[Round "2.122"]
[White "Kruk, Ivan"]
[Black "Galoyan, Levon"]
[Result "0-1"]
[BlackTitle "FM"]
[WhiteElo "1887"]
[BlackElo "2256"]
[WhiteFideId "13903497"]
[BlackFideId "13302027"]
[EventDate "2015.01.31"]

1. e4 c5 2. Nf3 d6 3. d4 cxd4 4. Nxd4 Nf6 5. Nc3 e6 6. Bd3 Be7 7. O-O a6 8. Kh1
Qc7 9. Qf3 Nc6 10. Nxc6 Qxc6 11. Bg5 h6 12. Be3 e5 13. Qe2 O-O 14. a4 Be6 15. f3
Rac8 16. Rfc1 Bc4 17. b3 Be6 18. Bd2 Rfe8 19. a5 Qc7 20. Na4 d5 21. Nb6 Rcd8 22.
exd5 Nxd5 23. Nxd5 Bxd5 24. Be3 Bc5 25. Ra4 Bxe3 26. Qxe3 Bxb3 27. Rb4 Bd5 28.
Rg4 Kf8 29. Qe1 Qc5 30. Qg3 g6 31. h4 Be6 32. Re4 Rxd3 0-1

[Event "Moscow Open A 2015"]
[Site "Moscow RUS"]
[Date "2015.02.01"]
[Round "2.123"]
[White "Shapiro, David"]
[Black "Abelyan, Murad"]
[Result "1-0"]
[WhiteTitle "FM"]
[WhiteElo "2252"]
[BlackElo "1712"]
[WhiteFideId "24133523"]
[BlackFideId "346489"]
[EventDate "2015.01.31"]

1. d4 d5 2. c4 c6 3. Nf3 Nf6 4. Qc2 a6 5. Bf4 Bg4 6. Ne5 Bh5 7. Qb3 Ra7 8. Qh3
Nbd7 9. g4 Nxe5 10. dxe5 Bxg4 11. Qg2 Ne4 12. Qxg4 h5 13. Qh3 e6 14. Bg2 Qb6 15.
Bxe4 Qxb2 16. O-O Qxa1 17. cxd5 Qd4 18. Be3 Qa4 19. Bxa7 cxd5 20. Qe3 Qxe4 21.
Qxe4 1-0

[Event "Moscow Open A 2015"]
[Site "Moscow RUS"]
[Date "2015.02.02"]
[Round "3.2"]
[White "Korobov, Anton"]
[Black "Kharchenko, Boris"]
[Result "1-0"]
[WhiteTitle "GM"]
[BlackTitle "GM"]
[WhiteElo "2687"]
[BlackElo "2483"]
[WhiteFideId "14105730"]
[BlackFideId "14113210"]
[EventDate "2015.01.31"]

1. d4 d5 2. c4 c6 3. Nc3 Nf6 4. e3 e6 5. Nf3 Nbd7 6. Bd3 dxc4 7. Bxc4 Bd6 8. e4
b5 9. Bb3 e5 10. O-O O-O 11. Bg5 h6 12. Bh4 Bb7 13. Rc1 a6 14. Bg3 Qb8 15. dxe5
Nxe5 16. Nxe5 Bxe5 17. Bxe5 Qxe5 18. f4 Qc5+ 19. Kh1 Qe3 20. e5 Ne4 21. Nxe4
Qxe4 22. Qg4 Rad8 23. Rce1 Qb4 24. e6 fxe6 25. Rxe6 Kh8 26. Qg6 Rd2 27. Re8 Bc8
28. f5 Bd7 29. f6 1-0

[Event "Moscow Open A 2015"]
[Site "Moscow RUS"]
[Date "2015.02.02"]
[Round "3.3"]
[White "Chekhov, Sergei"]
[Black "Inarkiev, Ernesto"]
[Result "0-1"]
[WhiteTitle "IM"]
[BlackTitle "GM"]
[WhiteElo "2470"]
[BlackElo "2675"]
[WhiteFideId "4195639"]
[BlackFideId "4162722"]
[EventDate "2015.01.31"]

1. e4 c5 2. Nf3 d6 3. d4 cxd4 4. Nxd4 Nf6 5. Nc3 a6 6. Bc4 e6 7. Bb3 b5 8. f4
Bb7 9. O-O Nbd7 10. Re1 Nc5 11. Bd5 Qc7 12. b4 Ncd7 13. Bxb7 Qxb7 14. a4 bxa4
15. Rxa4 Nb6 16. Ra1 Be7 17. f5 e5 18. Nb3 O-O 19. Na5 Qd7 20. Be3 Rfc8 21. Bxb6
Rxc3 22. Qd2 Rac8 23. Bc5 dxc5 24. Qxc3 cxb4 25. Qd3 Qa7+ 26. Kf1 Ng4 27. Qg3 h5
28. c4 Bg5 29. Ke2 Qd4 30. Rad1 Qxe4+ 31. Kf1 Be3 32. h3 Qxf5+ 33. Ke2 Qc2+ 34.
Kf1 Nh2+ 0-1

[Event "Moscow Open A 2015"]
[Site "Moscow RUS"]
[Date "2015.02.02"]
[Round "3.4"]
[White "Kanmazalp, Ogulcan"]
[Black "Grachev, Boris"]
[Result "0-1"]
[WhiteTitle "IM"]
[BlackTitle "GM"]
[WhiteElo "2457"]
[BlackElo "2670"]
[WhiteFideId "6304990"]
[BlackFideId "4129199"]
[EventDate "2015.01.31"]

1. e4 c5 2. Nf3 e6 3. d4 cxd4 4. Nxd4 Nc6 5. Nc3 Qc7 6. Be2 Nf6 7. Be3 Be7 8. f4
d6 9. g4 a6 10. g5 Nd7 11. Rf1 b5 12. Nxc6 Qxc6 13. Qd4 O-O 14. O-O-O Rb8 15. f5
b4 16. Nd5 exd5 17. f6 Bd8 18. exd5 Qb7 19. Qh4 Ne5 20. fxg7 Re8 21. Bh5 Qd7 22.
Bd4 Qh3 0-1

[Event "Moscow Open A 2015"]
[Site "Moscow RUS"]
[Date "2015.02.02"]
[Round "3.5"]
[White "Fedoseev, Vladimir3"]
[Black "Gordievsky, Dmitry"]
[Result "1-0"]
[WhiteTitle "GM"]
[BlackTitle "FM"]
[WhiteElo "2668"]
[BlackElo "2479"]
[WhiteFideId "24130737"]
[BlackFideId "24112798"]
[EventDate "2015.01.31"]

1. c4 Nf6 2. Nc3 g6 3. g3 Bg7 4. Bg2 O-O 5. Nf3 c5 6. d4 d6 7. O-O Nc6 8. dxc5
dxc5 9. Be3 Qa5 10. Qb3 Qb4 11. Na4 Na5 12. Qxb4 cxb4 13. Rac1 Ne4 14. Nd4 Bd7
15. Bxe4 Bxa4 16. b3 Bxd4 17. Bxd4 Bc6 18. Bd5 b6 19. Rfd1 Rfd8 20. e4 Kf8 21.
Be3 e6 22. Bg5 exd5 23. cxd5 Bb5 24. Bxd8 Rxd8 25. Rc7 Nc6 26. f4 a6 27. Kf2 h5
28. Ke3 Nb8 29. Rdc1 Nd7 30. Rc8 Rxc8 31. Rxc8+ Ke7 32. Kd4 Nc5 33. e5 Nd3 34.
Rc7+ Ke8 35. e6 fxe6 36. dxe6 Kd8 37. Rg7 Nc1 38. Rxg6 Nxa2 39. f5 Ke7 40. Ke5
Nc1 41. f6+ Kf8 42. f7 Ke7 43. Rg8 1-0

[Event "Moscow Open A 2015"]
[Site "Moscow RUS"]
[Date "2015.02.02"]
[Round "3.6"]
[White "Tabatabaei, M.amin"]
[Black "Petrosian, Tigran L."]
[Result "1/2-1/2"]
[WhiteTitle "FM"]
[BlackTitle "GM"]
[WhiteElo "2444"]
[BlackElo "2663"]
[WhiteFideId "12521213"]
[BlackFideId "13301616"]
[EventDate "2015.01.31"]

1. Nf3 g6 2. e4 d6 3. d4 Nf6 4. Nc3 Bg7 5. Be2 a6 6. a4 b6 7. O-O Bb7 8. e5 dxe5
9. dxe5 Nd5 10. Nxd5 Qxd5 11. Qxd5 Bxd5 12. c4 Bc6 13. e6 fxe6 14. Ng5 Nd7 15.
Nxe6 Be5 16. f4 Bd6 17. b4 Nf8 18. Bb2 Nxe6 19. Bxh8 Nxf4 20. Bf3 Kd7 21. Bb2
Nd3 22. Bg4+ Ke8 23. Bc3 h5 24. Bf3 Bxf3 25. Rxf3 Nxb4 26. Raf1 Kd7 27. Rf8 Bc5+
28. Kh1 Rxf8 29. Rxf8 Nd3 30. g3 Nf2+ 31. Kg2 Ne4 32. Ba1 Ke6 33. Kf3 Nd2+ 34.
Kf4 Nxc4 35. Kg5 b5 36. axb5 axb5 37. Kxg6 b4 38. Kxh5 b3 39. Bc3 Bd6 40. Rf1
Be5 41. Bxe5 Kxe5 42. Kg6 Ke4 43. h4 Ne5+ 44. Kg5 Nf3+ 45. Kg6 Ne5+ 46. Kg5 Kd3
47. h5 b2 48. Kf5 Nf7 49. Kg6 Ne5+ 50. Kf5 Nf7 51. Kg6 Nh8+ 52. Kg7 c5 53. Rb1
Kc2 54. Rxb2+ Kxb2 55. Kxh8 c4 56. h6 c3 57. h7 c2 58. Kg8 c1=Q 59. h8=Q+ 1/2-1/2

[Event "Moscow Open A 2015"]
[Site "Moscow RUS"]
[Date "2015.02.02"]
[Round "3.7"]
[White "Volkov, Sergey"]
[Black "Wan, Yunguo"]
[Result "1/2-1/2"]
[WhiteTitle "GM"]
[BlackTitle "IM"]
[WhiteElo "2618"]
[BlackElo "2472"]
[WhiteFideId "4122763"]
[BlackFideId "8603189"]
[EventDate "2015.01.31"]

1. d4 Nf6 2. c4 g6 3. Nc3 Bg7 4. e4 d6 5. Be2 O-O 6. Nf3 e5 7. Be3 c6 8. d5 Ng4
9. Bg5 f6 10. Bh4 c5 11. Nd2 h5 12. h3 Nh6 13. f3 Nf7 14. Bd3 Bh6 15. Qe2 Na6
16. a3 Bd7 17. Bc2 Bg5 18. Bf2 Qe8 19. h4 Bh6 20. Nf1 Rb8 21. Ne3 Nc7 22. b4 a5
23. bxc5 dxc5 24. g4 hxg4 25. Nxg4 Bxg4 26. fxg4 b6 27. g5 fxg5 28. Ba4 Qe7 29.
h5 Qf6 30. hxg6 Qxg6 31. Bd7 Nd6 32. Be3 Qg7 33. O-O-O Rf6 34. Rdg1 Rbf8 35. Bf5
Nxf5 36. exf5 e4 37. Bd2 Rxf5 38. Qxe4 Rf3 39. Kb1 R3f6 40. Rg2 Qg6 41. Ka2 Qxe4
42. Nxe4 Rg6 43. Bc3 Rf4 44. Re2 Bg7 45. Bd2 Rf5 46. Bxg5 Ne8 47. Bd8 Re5 48.
Rhe1 a4 49. Kb1 b5 50. cxb5 Rxd5 51. Ba5 Nd6 52. Nxd6 Rgxd6 53. Re8+ Kh7 54. Bc7
Rd7 55. b6 c4 56. R8e7 Rb5+ 57. Kc1 Rxe7 58. Rxe7 Kg6 59. Re4 Bb2+ 60. Kc2 Bxa3
61. Rxc4 Bc5 62. Kd3 a3 63. Rc2 Kf7 64. b7 Ba7 65. Ke4 1/2-1/2

[Event "Moscow Open A 2015"]
[Site "Moscow RUS"]
[Date "2015.02.02"]
[Round "3.8"]
[White "Demchenko, Anton"]
[Black "Sanal, Vahap"]
[Result "1/2-1/2"]
[WhiteTitle "GM"]
[BlackTitle "IM"]
[WhiteElo "2611"]
[BlackElo "2460"]
[WhiteFideId "4160258"]
[BlackFideId "6300545"]
[EventDate "2015.01.31"]

1. Nf3 Nf6 2. g3 d5 3. Bg2 c6 4. O-O Bg4 5. c4 e6 6. d3 Nbd7 7. cxd5 cxd5 8. Nc3
Be7 9. h3 Bxf3 10. Bxf3 O-O 11. Bg2 Qb6 12. Rb1 Rac8 13. Bd2 Rfd8 14. b4 a6 15.
Qb3 Bd6 16. e3 Ne5 17. Ne2 Qb5 18. Nf4 Qd7 19. Rfc1 b5 20. Bc3 Rc6 21. Bb2 Rdc8
22. Rxc6 Rxc6 23. Rd1 Qc8 24. Ne2 Rc7 25. a3 Nc6 26. e4 dxe4 27. Bxf6 gxf6 28.
dxe4 Rd7 29. Rc1 Rc7 30. Qd1 Nd4 31. Qxd4 Rxc1+ 32. Nxc1 Qxc1+ 33. Kh2 Be5 34.
Qd8+ Kg7 35. f4 Bc7 36. Qd3 e5 37. fxe5 Bxe5 38. Bf3 Qg5 39. Bd1 h5 40. Kg2 h4
41. Bb3 Bb8 42. Bxf7 hxg3 43. Qd8 Kxf7 44. Qd7+ Kf8 45. Qc8+ Kf7 46. Qd7+ Kf8
47. Qc8+ Kf7 48. Qd7+ Kf8 49. Qc8+ Kf7 50. Qd7+ Kf8 1/2-1/2

[Event "Moscow Open A 2015"]
[Site "Moscow RUS"]
[Date "2015.02.02"]
[Round "3.9"]
[White "Zakhartsov, Vladimir"]
[Black "Fier, Alexandr"]
[Result "1-0"]
[WhiteTitle "IM"]
[BlackTitle "GM"]
[WhiteElo "2421"]
[BlackElo "2604"]
[WhiteFideId "4145097"]
[BlackFideId "2107139"]
[EventDate "2015.01.31"]

1. e4 c5 2. Nf3 e6 3. d4 cxd4 4. Nxd4 Nc6 5. Nc3 Qc7 6. Be3 a6 7. Qd2 Nf6 8. f4
Bb4 9. Bd3 O-O 10. a3 Be7 11. h3 d6 12. O-O-O Nxd4 13. Bxd4 e5 14. Be3 exf4 15.
Bxf4 Be6 16. Ne2 Nd7 17. Nd4 Nc5 18. Kb1 Bf6 19. Nxe6 Nxe6 20. Be3 Be5 21. Be2
b5 22. Bg4 Nc5 23. Qd5 Rab8 24. Bxc5 dxc5 25. Bd7 b4 26. a4 Bd4 27. e5 Bxe5 28.
Rhe1 Bd4 29. Qc6 Qg3 30. Qxa6 Qxg2 31. Qe2 Qg6 32. Qe4 Qh6 33. Bb5 g6 34. Qd3
Rb7 35. Qf3 Ra7 36. c3 bxc3 37. bxc3 Bg7 38. Rd5 Raa8 39. Kc2 Rad8 40. Rxd8 Rxd8
41. Re8+ Rxe8 42. Bxe8 f5 43. Qd5+ Kh8 44. Bb5 Bf8 45. Bc4 Qg7 46. a5 h5 47. a6
Kh7 48. Qg8+ Qxg8 49. Bxg8+ Kxg8 50. a7 Kf7 51. a8=Q Be7 52. Kd3 g5 53. Qh8 h4
54. Qe5 1-0

[Event "Moscow Open A 2015"]
[Site "Moscow RUS"]
[Date "2015.02.02"]
[Round "3.10"]
[White "Timofeev, Artyom"]
[Black "Kuderinov, Kirill"]
[Result "1/2-1/2"]
[WhiteTitle "GM"]
[BlackTitle "IM"]
[WhiteElo "2568"]
[BlackElo "2452"]
[WhiteFideId "4140419"]
[BlackFideId "13701568"]
[EventDate "2015.01.31"]

1. e4 c5 2. Nf3 d6 3. d4 cxd4 4. Nxd4 Nf6 5. Nc3 g6 6. Be3 Bg7 7. f3 O-O 8. Qd2
Nc6 9. Bc4 Na5 10. Be2 a6 11. O-O-O b5 12. h4 Re8 13. Bh6 Bxh6 14. Qxh6 e5 15.
Nb3 b4 16. Nd5 Nxd5 17. Rxd5 Nxb3+ 18. axb3 Be6 19. Rd2 Qc7 20. Kb1 a5 21. Bb5
a4 22. Bxa4 Bd7 23. Bxd7 Qxd7 24. Qe3 Qb5 25. Rc1 Rec8 26. Rxd6 Qa5 27. c4 bxc3
28. Rxc3 Qa1+ 29. Kc2 Qh1 30. Rd2 Qxh4 31. Rc4 Qh1 32. Qc3 Rd8 33. b4 Qa1 34. b5
Rdb8 35. Qxe5 Qf1 36. Rc5 Rxb5 37. Rxb5 Qc4+ 38. Kb1 Qf1+ 39. Kc2 Qc4+ 40. Qc3
Qxb5 41. Rd3 Qa6 42. Kd2 Rc8 43. Qd4 Qa5+ 44. Kd1 Qh5 45. Ke2 Qg5 46. g4 h5 47.
Qd5 Qf4 48. gxh5 Qh2+ 49. Ke3 Qg1+ 50. Kf4 Qh2+ 51. Ke3 Qg1+ 52. Kf4 Qh2+ 53.
Ke3 Qg1+ 1/2-1/2

[Event "Moscow Open A 2015"]
[Site "Moscow RUS"]
[Date "2015.02.02"]
[Round "3.11"]
[White "Atabayev, Yusup"]
[Black "Grigoriants, Sergey"]
[Result "1-0"]
[WhiteTitle "IM"]
[BlackTitle "GM"]
[WhiteElo "2415"]
[BlackElo "2567"]
[WhiteFideId "14001128"]
[BlackFideId "4130804"]
[EventDate "2015.01.31"]

1. e4 c5 2. Nf3 d6 3. d4 cxd4 4. Nxd4 Nf6 5. Nc3 a6 6. Be2 e6 7. O-O Be7 8. f4
O-O 9. Be3 Qc7 10. Qe1 b5 11. a3 Bb7 12. Bf3 Nbd7 13. Rd1 Rac8 14. g4 Nc5 15.
Bc1 d5 16. exd5 Nxd5 17. Nxd5 Bxd5 18. Bxd5 exd5 19. Qe5 Qxe5 20. fxe5 g6 21. c3
Rfe8 22. Nc2 Nd7 23. Rxd5 Nb6 24. e6 f6 25. Rd3 Bc5+ 26. Be3 Bxe3+ 27. Rxe3 Nc4
28. Re2 Nxb2 29. Nb4 Na4 30. Nd5 Nxc3 31. Nxf6+ Kh8 32. Re3 Re7 33. Rff3 Na4 34.
Nd5 1-0

[Event "Moscow Open A 2015"]
[Site "Moscow RUS"]
[Date "2015.02.02"]
[Round "3.12"]
[White "Xiu, Deshun"]
[Black "Alikulov, Elbek"]
[Result "1-0"]
[WhiteTitle "GM"]
[BlackTitle "FM"]
[WhiteElo "2543"]
[BlackElo "2418"]
[WhiteFideId "8603693"]
[BlackFideId "14203308"]
[EventDate "2015.01.31"]

1. Nf3 Nf6 2. c4 g6 3. Nc3 Bg7 4. e4 d6 5. d4 O-O 6. h3 e5 7. d5 a5 8. g4 Na6 9.
Be3 Bd7 10. Be2 c6 11. Nd2 Rc8 12. h4 cxd5 13. cxd5 Nc5 14. a4 Ne8 15. h5 Bf6
16. Ra3 Bg7 17. Nc4 f5 18. hxg6 hxg6 19. gxf5 gxf5 20. exf5 Bxf5 21. Nb5 Ne4 22.
Rh2 Qf6 23. Nb6 Rd8 24. Bh5 Qe7 25. Bg4 Ng5 26. Rg2 Bxg4 27. Qxg4 Nf3+ 28. Kf1
Qh4 29. Qxh4 Nxh4 30. Bg5 Nxg2 31. Bxd8 Nf4 32. Be7 Rf7 33. Bxd6 Nxd6 34. Nxd6
Rf6 35. Ndc4 e4 36. Re3 Nd3 37. Rxe4 Nxf2 38. Re8+ Kh7 39. Ke2 Ng4 40. d6 Rf2+
41. Ke1 1-0

[Event "Moscow Open A 2015"]
[Site "Moscow RUS"]
[Date "2015.02.02"]
[Round "3.13"]
[White "Appolonov, Sergey"]
[Black "Iljushin, Alexei"]
[Result "0-1"]
[WhiteTitle "IM"]
[BlackTitle "GM"]
[WhiteElo "2370"]
[BlackElo "2515"]
[WhiteFideId "4116291"]
[BlackFideId "4122178"]
[EventDate "2015.01.31"]

1. Nf3 d5 2. g3 Nf6 3. Bg2 c6 4. b3 Bg4 5. Bb2 Nbd7 6. d3 Bxf3 7. Bxf3 e5 8. O-O
Bc5 9. c4 d4 10. Na3 O-O 11. Nc2 a5 12. a3 Qe7 13. Qd2 Rfd8 14. b4 Bb6 15. Bg2
Nf8 16. c5 Bc7 17. e3 dxe3 18. Nxe3 Qe6 19. Qc2 Ng6 20. Rad1 axb4 21. axb4 h5
22. Rfe1 h4 23. Nc4 Qf5 24. Ne3 Qe6 25. d4 e4 26. Nc4 Ra2 27. Ra1 Rxb2 28. Nxb2
Rxd4 29. Ra4 h3 30. Bh1 Ne5 31. b5 Rxa4 32. Qxa4 cxb5 33. Qa8+ Kh7 34. Qxb7 Ba5
35. Bxe4+ g6 36. Rd1 Qb3 37. Qe7 Nxe4 38. Qh4+ Kg7 39. Qxe4 Qxb2 40. Rf1 Qc3 41.
Qd5 Nf3+ 42. Kh1 b4 43. c6 b3 44. Rd1 b2 45. Qb5 Nd2 0-1

[Event "Moscow Open A 2015"]
[Site "Moscow RUS"]
[Date "2015.02.02"]
[Round "3.14"]
[White "Atabayev, Maksat"]
[Black "Ali, Muhammad Lutfi"]
[Result "1-0"]
[WhiteTitle "IM"]
[BlackTitle "FM"]
[WhiteElo "2496"]
[BlackElo "2404"]
[WhiteFideId "14001101"]
[BlackFideId "7103743"]
[EventDate "2015.01.31"]

1. e4 c5 2. Nf3 Nc6 3. Bb5 g6 4. O-O Bg7 5. Bxc6 dxc6 6. h3 Nf6 7. d3 Nd7 8. Nc3
e5 9. a3 Qe7 10. Rb1 Nf8 11. b4 Ne6 12. Na4 b5 13. Nxc5 Nxc5 14. bxc5 Qxc5 15.
a4 O-O 16. Be3 Qc3 17. axb5 Be6 18. Bd2 Qc5 19. Bb4 Qb6 20. Bxf8 Rxf8 21. c4 f5
22. exf5 Bxf5 23. Re1 Rd8 24. bxc6 Qxc6 25. Nxe5 Bxe5 26. Rxe5 Rxd3 27. Rb8+ Kg7
28. Qa1 Kh6 29. Qc1+ Kg7 30. Qg5 Be6 31. Qe7+ Bf7 32. Qf8+ 1-0